|
|
|
|
| LEADER |
00000nab a2200000ua 4500 |
| 001 |
vtls010781086 |
| 003 |
SK-MaSNL |
| 005 |
20260303153059.0 |
| 008 |
230222s1991 xo |||||||||||||||||eng| |
| 035 |
|
|
|a (urnnbn)urn:nbn:sk:snk:ar-a029hs
|
| 035 |
|
|
|a (uuid)47b4e508-522b-4875-ad72-bd505392c9c3
|
| 035 |
|
|
|a urn:nbn:sk:snk-ab4iee
|
| 040 |
|
|
|a SNKBUCL
|b slo
|c SNKBUCL
|e AACR2
|
| 041 |
0 |
|
|a eng
|
| 044 |
|
|
|a xo
|c SK
|
| 100 |
1 |
|
|a Kováč, J.
|4 aut
|9 307527
|
| 245 |
1 |
0 |
|a RECOMBINANT PROTEINS DERIVED FROM IMMUNODOMINANT REGIONS OF THE GAG AND ENV GENES OF HIV - 1 AND THEIR POTENTIAL FOR USE IN SEROLOGIC DIAGNOSIS
|c J. Kováč
|
| 773 |
0 |
|
|t Acta virologica : international journal
|g Roč. 35, č. 4 (1991), s. [383]-390
|
| 958 |
|
|
|a OND
|
| 958 |
|
|
|a EUIPO
|
| 958 |
|
|
|a article3
|
| 999 |
|
|
|c 2026375
|d 2028305
|